<?xml version="1.0" encoding="UTF-8"?>
<collection xmlns:xsi="http://www.w3.org/2001/XMLSchema-instance" xsi:schemaLocation="http://www.loc.gov/MARC21/slim http://www.loc.gov/standards/marcxml/schema/MARC21slim.xsd" xmlns="http://www.loc.gov/MARC21/slim">
 <record>
  <leader>00000cab a22000003a 4500</leader>
  <controlfield tag="001">UP-99796217609612078</controlfield>
  <controlfield tag="003">Buklod</controlfield>
  <controlfield tag="005">20231007235910.0</controlfield>
  <controlfield tag="006">a    grb    001 u|</controlfield>
  <controlfield tag="007">ta</controlfield>
  <controlfield tag="008">110117s        xx     d | ||r |||||   ||</controlfield>
  <datafield tag="040" ind1=" " ind2=" ">
   <subfield code="a">DENG</subfield>
  </datafield>
  <datafield tag="041" ind1=" " ind2=" ">
   <subfield code="a">eng</subfield>
  </datafield>
  <datafield tag="100" ind1="1" ind2=" ">
   <subfield code="a">Kalpana, R.</subfield>
  </datafield>
  <datafield tag="245" ind1="0" ind2="0">
   <subfield code="a">Direct single-stage power converter with power factor improvement for switched mode power supply.</subfield>
  </datafield>
  <datafield tag="300" ind1=" " ind2=" ">
   <subfield code="a">p. 468-476</subfield>
  </datafield>
  <datafield tag="520" ind1=" " ind2=" ">
   <subfield code="a">This paperpresents a direct single-stage power converter using single-phase isolated fullbridge converter modules, with inherent power factor correction (PFC) for a 12 kW switched mode power supply (SMPS). The advantages of the proposed converter are its simple control strategy, reduction in number of conversion stage, low input line current harmonics, and improvemebt in power factor. Analysis of the single-stage converter is carried out in continuous conduction mode operation. Staedy state analysis of the proposed converter in conducted to obtain converter parameters. A systematic design procedure is also presented for a 12k W converter with a design example. The effect of load variation on SMPS is also studied in order to demonstrate the effectiveness of the proposed converter for the complete range of load conditions. A set of power quality indices on input ac mains for an SMPS fed from a single-stage converter is also presented for easy comparison of their performance.</subfield>
  </datafield>
  <datafield tag="653" ind1=" " ind2=" ">
   <subfield code="a">Power factor correction (PFC).</subfield>
  </datafield>
  <datafield tag="653" ind1=" " ind2=" ">
   <subfield code="a">Three-phase converter.</subfield>
  </datafield>
  <datafield tag="653" ind1=" " ind2=" ">
   <subfield code="a">Full-bridge converter.</subfield>
  </datafield>
  <datafield tag="773" ind1="0" ind2=" ">
   <subfield code="t">Journal of electrical engineering &amp; technology</subfield>
   <subfield code="g">v. 5, 3 (2010).</subfield>
  </datafield>
  <datafield tag="905" ind1=" " ind2=" ">
   <subfield code="a">FO</subfield>
  </datafield>
  <datafield tag="852" ind1=" " ind2=" ">
   <subfield code="a">UPD</subfield>
   <subfield code="b">DENG-II</subfield>
  </datafield>
  <datafield tag="942" ind1=" " ind2=" ">
   <subfield code="a">Article</subfield>
  </datafield>
 </record>
</collection>
